Éléments portant le nom d'objets célestes - Statistiques

Statistiques générales
  • Ce quiz a été pris 96 fois
  • Le résultat moyen est 4 sur 10
Statistiques - réponses
Hint Réponse % Correct
Mercure Mercure
84%
Pluton Plutonium
73%
Uranus Uranium
70%
Neptune Neptunium
62%
Soleil (Hélios) Hélium
38%
Lune (Séléné) Sélénium
37%
Titan Titane
22%
Terre (Tellus) Tellure
19%
Cérès Cérium
14%
Pallas Palladium
13%
Aucun quiz correspondant
Distribution des résultats
% des personnes avec chaque résultat
Percentile par nombre de réponses
Votre historique - résultats
Vous n’avez pas pris ce quiz